MDQL
is popping MORE tags! Check the
thread
!
Quizzes
Events
Quiz Creation
Community
Videos
Private Events
Remove Ads
Sign In
Join for FREE
Feedback
Dark Mode
Quiz Categories
Sports
Geography
Music
Movies
Television
Just For Fun
Miscellaneous
History
Literature
Language
Science
Gaming
Entertainment
Religion
Holiday
For Kids
Quiz Lab
Recent
Popular Today
Quiz Kudos Today
Editor Picks
Curator Picks
Quizzes by...
Day
Popularity
Type
Ratings
Length
Year
Community
Subscriptions
Recent Discussions
Orange Saloon
Badges
Playlists
Quests
Create
Leaderboards
Showdown
Live 5
Trivia Bingo
Activity
Puzzle Library
Sporcle Events
Private Events
Virtual Trivia
Globe League
Become a Host
Pub Owners
SporcleCon
Opinionation
Our Games
Videos
Blog
Mobile Apps
Partnerships
Remove Ads and Go Orange
Feedback
Miscellaneous
Crossword
General Knowledge
Baby Names
Logo
Food
Cars
Numbers
Grab Bag
University
College
Popular
Company
Slogans
Restaurants
Justice
Letter
Miscellaneous
Crossword
General Knowledge
Baby Names
Logo
Food
Cars
Numbers
Grab Bag
University
College
Popular
Company
Slogans
Restaurants
Justice
Letter
Random Quiz
Search Sporcle
×
Quiz Lab
Quiz Lab
Miscellaneous
India
Click on answers out of a set of options
Click on answers out of a set of options
Multiple Choice
Best Score? Go Orange.
India Stats
Can you choose the india?
By
gopikrishnannair
2m
10 Questions
196 Plays
196 Plays
196 Plays
Comments
Comments
Give Quiz Kudos
Give Quiz Kudos
-
- Ratings
hide this ad
Random Order
Randomize order of answers
Randomize order of answers
Replay
Link that replays current quiz
Next Quiz
Link to next quiz in quiz playlist
You Got
0%
They Got
Avg Score
47%
Avg Friend Score
Upgrade to see
Score Distribution
Jump to the score distribution portion of the page
Score
0/10
Timer
02:00
0
Plays Today
Question
Answer
Wrong Answers
Dandia' is a popular dance of
Gujarat
82.7%
Punjab
8.2%
Tamil Nadu
2%
Maharashtra
7.1%
In which of the following festivals are boat races a special feature?
Onam
66.8%
Pongal
16.8%
Navratri
2%
Rongali Bihu
6.6%
'Kathakali' is a folk dance prevalent in which state?
Kerala
58.7%
manipur
6.1%
Orissa
12.2%
Karnataka
18.4%
Who composed the famous song 'Sare Jahan SeAchha'?
Mohammad Iqbal
52%
Rabindranath Tagore
21.4%
Bankim Chandra Chattopadhyay
16.8%
Jaidev
2.6%
Thillana is a format of
Bharatnatyam
46.4%
Kuchipudi
15.8%
Odissi
17.3%
Kathak
14.3%
The National Song of India was composed by
Bankim Chandra Chatterji
46.4%
Rabindranath Tagore
36.7%
Jai Shankar Prasad
6.1%
Iqbal
5.1%
The words 'Satyameva Jayate' inscribed below the base plate of the emblem of India are taken from
Mundak Upanishad
35.2%
Rigveda
31.1%
Satpath Brahmana
16.8%
Ramayana
14.3%
India ranked _________ among 119 developing countries on the Global Hunger Index
100
32.1%
84
18.4%
52
20.4%
98
19.4%
Which of the following dances is a solo dance?
Ottan Thullal
28.6%
Kuchipudi
30.6%
Yakshagana
16.8%
Odissi
18.4%
Which of the following Akademis is responsible for fostering the development of dance, drama and music in India?
Sangeet Akademi
26%
Sahitya Akademi
25%
Lalit Kala Akademi
21.4%
National School of Drama
24.5%
Quiz Playlist
Details
Report
Send in Message
Add To Playlist
Multiple Choice:
Click on answers out of a set of options
Random Order:
Randomize order of answers
Quiz Source
Last Updated: Oct 17, 2017
Quiz Scoreboard
CHALLENGE
Sign Up to Join the Scoreboard
Show All
Scores
Hide
Comments
May contain spoilers
Recently Published
1-10 Letter E Words III
by El_Dandy
Language
2m
Street Fighter Characters
by Artimus82
Gaming
60s
College Basketball Coaching Resumes
by pancakes188
Sports
9m
More to Explore
Quiz From the Vault
Featured Blog Post
Where Did the Easter Bunny Come From?
hide this ad
You Might Also Like...
Tags
India
Today's Top Quizzes in Miscellaneous
Browse Miscellaneous
hide this ad
Today's Top Quizzes in India
Browse India
Top Contributed Quizzes in Miscellaneous
1
5-to-1: Fast Food
2
The JOE quick-fire general knowledge quiz: Day 174
3
The JOE quick-fire general knowledge quiz: Day 173
4
5-to-1: Cocktails
5
The JOE quick-fire general knowledge quiz: Day 172
6
9x9 Crossword: Disney Movie Titles
7
9x9 Crossword: Charlie and the Chocolate Factory
8
Sunday Crossword: Famous Bodies of Water
9
9x9 Crossword: Flags
10
The JOE quick-fire general knowledge quiz: Day 171
Explore More
Trending Topics
Kpop
Anime
Marvel
Crossword
NBA
Disney
Harry Potter
Puzzle
Country
Song
NFL
The Office
Pokémon
WWE
Soccer
hide this ad
More By:
gopikrishnannair
Quiz
Plays
Rating
Category
Featured
Created
india
196
Miscellaneous
Oct 17, 2017
Go to Creator's Profile
Score Distribution
Quiz Creator Spotlight
gopikrishnannair
Follow
Send a Message
Quizzes Created
-
Created Quiz Play Count
-
More By This Creator
Popular Quizzes Today
1
Find the US States - No Outlines Minefield
2
Find the Countries of Europe - No Outlines Minefield
3
The Countries of the World
4
Find the US States
5
Risky Map Clicking: Biggest States A-Z
6
US States
7
Popular People in 1961
8
Movies - When Are They Set?
More Miscellaneous Quizzes
American Breakfast Cereals
Published
Trending Quizzes
Risky Map Clicking: Least Populous States A-Z
1-10 Letter G Words
1-10 Letter F Words
Countries of the World: 200 Million BC
Risky Map Clicking: Next State Alphabetically
Recently Updated
Beyoncé Albums
pecheneg
Leaping Animals
pecheneg
Reality TV Shows (A-Z)
bhenderson79
Rickey Henderson's Hall of Fame Teammates
pecheneg
Champions League XIs: Arsenal
pecheneg
Quick Pick: Celebrities in WWE's Hall of Fame
aduchscher
A-Z Keypad Blitz II
pecheneg
Multiple Oscar Actors
pecheneg
Mystery Phrase Blitz: Oscar 'Best Actors'
pecheneg
F. Scott Fitzgerald Novels
LTH
Trending Topics
Kpop
Harry Potter
NBA
Disney
Crossword
Anime
Marvel
Country
WWE
Song
Puzzle
Pokémon
The Office
NFL
Soccer
Your Account Isn't Verified!
In order to create a playlist on Sporcle, you need to verify the email address you used during registration. Go to your
Sporcle Settings
to finish the process.
Report this User
Report this user for behavior that violates our
Community Guidelines
.
Details:
Send Report
Go to the Sporcle.com Mobile Site →
Comments